Countries the United Kingdom Hasn't Invaded - Statistics

General Stats
  • This quiz has been taken 79 times
  • The average score is 6 of 22
Answer Stats
Country % Correct
Sweden
59%
Mongolia
53%
Andorra
50%
Vatican City
47%
Monaco
46%
Liechtenstein
43%
Bolivia
37%
Paraguay
36%
Kyrgyzstan
29%
Luxembourg
29%
Tajikistan
29%
Uzbekistan
29%
Mali
27%
Chad
26%
Belarus
21%
Central African Republic
16%
Burundi
13%
Marshall Islands
13%
São Tomé and Príncipe
13%
Guatemala
11%
Côte d’Ivoire
6%
Republic of Congo
1%
No matching quizzes found
Score Distribution
Percent of People with Each Score
Percentile by Number Answered
Your Score History
You have not taken this quiz